Sindicatos docentes y reformas educativas en América Latina: Costa Rica
| Format: | Bog |
|---|---|
| Sprog: | spansk |
| Udgivet: |
Río de Janeiro :
Fundacao Konrad Adenauer,
2008
|
| Fag: |
MARC
| LEADER | 00000nam a2200000Ia 4500 | ||
|---|---|---|---|
| 008 | 180302b2008 bl ||||| |||| 00| | spa d | ||
| 999 | |c 1596 |d 1596 | ||
| 090 | |a 06.02.03 |b 1968 | ||
| 245 | 1 | 0 | |a Sindicatos docentes y reformas educativas en América Latina: Costa Rica |
| 260 | |a Río de Janeiro : |b Fundacao Konrad Adenauer, |c 2008 | ||
| 300 | |a 44 páginas | ||
| 650 | 1 | 4 | |a REFORMA DE LA EDUCACIÓN |9 7 |
| 650 | 1 | 4 | |a SINDICATOS |9 934 |
| 942 | |i 002292,002291 |h 06.02.03 1968 |2 z |c 01 | ||
